Statistics for Harry Potter - The Sorting Hat

Click here to take the quiz!

General Stats

  • This quiz has been taken 14,258 times
  • The average score is 14 of 24

Answer Stats

HintAnswer% Correct
Hermione GrangerGryffindor
99%
Draco MalfoySlytherin
98%
Remus LupinGryffindor
77%
Oliver WoodGryffindor
75%
Cedric DiggoryHufflepuff
73%
Luna LovegoodRavenclaw
71%
Sirius BlackGryffindor
70%
Newt ScamanderHufflepuff
68%
Colin CreeveyGryffindor
62%
Hannah AbbottHufflepuff
62%
Angelina JohnsonGryffindor
58%
Parvati PatilGryffindor
56%
Alecto CarrowSlytherin
55%
Horace SlughornSlytherin
53%
Pansy ParkinsonSlytherin
51%
Penelope ClearwaterRavenclaw
48%
Susan BonesHufflepuff
46%
Cormac McLaggenGryffindor
44%
Padma PatilRavenclaw
43%
Sybill TrelawneyRavenclaw
40%
Nymphadora TonksHufflepuff
39%
Evan RosierSlytherin
35%
Terry BootRavenclaw
33%
Gilderoy LockhartRavenclaw
32%

Score Distribution

Percentile by Number Answered

Percent of People with Each Score

Your Score History

You have not taken this quiz